Reingeniería de procesos en Corporación Font.
Guardat en:
| Autor principal: | |
|---|---|
| Altres autors: | |
| Format: | Llibre |
| Publicat: |
[San José , Costa Rica]
1995
|
| Matèries: | |
| Etiquetes: |
Afegir etiqueta
Sense etiquetes, Sigues el primer a etiquetar aquest registre!
|
MARC
| LEADER | 00000nam a2200000Ia 4500 | ||
|---|---|---|---|
| 003 | 007799 | ||
| 005 | 20221231144250.0 | ||
| 008 | 140114s1995 cr a m 000 ||s d | ||
| 040 | |c cru CEDI | ||
| 090 | |a TFG 3371 | ||
| 100 | |a Font Carranza, Fernán |9 10528 | ||
| 245 | |a Reingeniería de procesos en Corporación Font. | ||
| 260 | |c 1995 |a [San José , Costa Rica] | ||
| 300 | |a iv, [263] hojas : ilustraciones. | ||
| 500 | |a Proyecto de graduacion (licenciatura en ingenieria industrial)--Universidad de Costa rica. Facultad de Ingeniería. Escuela de Ingenieria Industrial | ||
| 650 | |x CORPORACION FONT (COSTA RICA) |x ADMINISTRACION |x REINGENIERIA (ADMINISTRACION) |9 10531 | ||
| 700 | |9 10530 |a Sanson Caldera, Roberto | ||
| 942 | |c TFG | ||
| 999 | |c 19299 |d 19299 | ||
